<?xml version="1.0" encoding="UTF-8"?>
<record
    xmlns:xsi="http://www.w3.org/2001/XMLSchema-instance"
    xsi:schemaLocation="http://www.loc.gov/MARC21/slim http://www.loc.gov/standards/marcxml/schema/MARC21slim.xsd"
    xmlns="http://www.loc.gov/MARC21/slim">

  <leader>00806aam a2200181 a 4500</leader>
  <datafield tag="040" ind1=" " ind2=" ">
    <subfield code="c">DC</subfield>
  </datafield>
  <datafield tag="082" ind1="0" ind2="0">
    <subfield code="a">514 AME 1990 A058 Or.</subfield>
  </datafield>
  <datafield tag="245" ind1="0" ind2="0">
    <subfield code="a">Algorithmique, topologie et g&#xFFFD;&#xFFFD;om&#xFFFD;&#xFFFD;trie alg&#xFFFD;&#xFFFD;briques :</subfield>
    <subfield code="b">Sevilla 31 ao&#xFFFD;&#xFFFD;t-4 septembre 1987 [et] Toulouse 2-4 d&#xFFFD;&#xFFFD;cembre 1988 /</subfield>
  </datafield>
  <datafield tag="260" ind1=" " ind2=" ">
    <subfield code="a">Paris :</subfield>
    <subfield code="b">Soci&#xFFFD;&#xFFFD;t&#xFFFD;&#xFFFD; math&#xFFFD;&#xFFFD;matique de France ;</subfield>
    <subfield code="a">Providence, R.I. :</subfield>
    <subfield code="b">American Mathematical Society, distribution,</subfield>
    <subfield code="c">1990</subfield>
  </datafield>
  <datafield tag="300" ind1=" " ind2=" ">
    <subfield code="a">89 p. :</subfield>
    <subfield code="b">ill. ;</subfield>
    <subfield code="c">29 cm</subfield>
  </datafield>
  <datafield tag="500" ind1=" " ind2=" ">
    <subfield code="a">Articles mostly in English; two articles in French</subfield>
  </datafield>
  <datafield tag="500" ind1=" " ind2=" ">
    <subfield code="a">"R&#xFFFD;&#xFFFD;daction d'un certain nombre d'expos&#xFFFD;&#xFFFD;s des colloques de Seville ... et de Toulouse"--P. 1</subfield>
  </datafield>
  <datafield tag="650" ind1=" " ind2="0">
    <subfield code="a">Geometry, Algebraic</subfield>
  </datafield>
  <datafield tag="650" ind1=" " ind2="0">
    <subfield code="a">Algebraic topology</subfield>
  </datafield>
  <datafield tag="700" ind1="1" ind2=" ">
    <subfield code="a">Hayat-Legrand, Claude</subfield>
  </datafield>
  <datafield tag="700" ind1="1" ind2=" ">
    <subfield code="a">Sergeraert, Francis</subfield>
  </datafield>
  <datafield tag="942" ind1=" " ind2=" ">
    <subfield code="c">EK</subfield>
  </datafield>
  <datafield tag="999" ind1=" " ind2=" ">
    <subfield code="c">13910</subfield>
    <subfield code="d">13910</subfield>
  </datafield>
  <datafield tag="952" ind1=" " ind2=" ">
    <subfield code="0">0</subfield>
    <subfield code="1">0</subfield>
    <subfield code="4">0</subfield>
    <subfield code="6">514_000000000000000_AME_1990_A058_OR</subfield>
    <subfield code="7">0</subfield>
    <subfield code="9">65498</subfield>
    <subfield code="a">LBA</subfield>
    <subfield code="b">LBA</subfield>
    <subfield code="c">A058</subfield>
    <subfield code="d">2017-10-02</subfield>
    <subfield code="o">514 AME 1990 A058 Or.</subfield>
    <subfield code="p">a14469</subfield>
    <subfield code="r">2017-10-02</subfield>
    <subfield code="w">2017-10-02</subfield>
    <subfield code="y">EK</subfield>
  </datafield>
</record>
